01196nam a2200157Ia 4500008004100000020001500041050002500056100004200081245007500123250002000198260003100218300003100249500003600280505069700316650002501013120625s2004 mx r 001 0 spa d a9706765794 4aHF5681.B2 bD65 20041 aDomínguez Orozco, Jaime e , autor 10aReespresión b : con el boletín B-10c / Jaime Domínguez Orozco  a18a. edición  aMéxicob : ISEFc , 2004 a346 páginas c ; 21 cm.  aEn portada: Edición Integrada0 aLa inflación y sus efectos La información contable y financiera en épocas inflacionarias La reexpresión de la información Síntesis gráfica del boletín B-10 reconocimiento de los efectos de la inflación de la información La actualización del inventario y costos de ventas La actualización de inmuebles, maquinaria y equipo, depreciación acumulada y la depreciación del periodo Actualización del capital contable La determinación del resultado por tenencia de activos no monetarios La determinación del costo integral financiero Los cinco documentos de adecuaciones al Boletín B-10 Aplicación práctica del Boletín B-10 con quintas adecuaciones  4aESTADOS FINANCIEROS